00489nam a2200157 a 4500001001000000003000900010005001700019007000300036008004100039040002500080082001500105245008700120260006100207300001800268700004500286000032901DO-SdBNP20240422104515.0ta110801s1960 cu a 000 0 spa d aDO-SdBNPbspacBNPHU a928bH519i00aIdeario de Federico Henríquez I Carvajal /crecopilado por Alberto Baeza Flores. aSantiago de Cuba, Cuba :bUniversidad de Oriente,c1960. a307 ;c23 cm.12aBaeza Flores, Alberto,d1914-1998ecomp.